Statystyki dla Flagi Europy

Kliknij tutaj aby rozwiązać quiz!

Ogólne statystyki

  • Ten quiz został rozwiązany 2 108 razy
  • Średni wynik to 40 z 55

Statystyki odpowiedzi

Odpowiedź% Poprawnych
Hiszpania
99%
Francja
97%
Niemcy
97%
Portugalia
97%
Belgia
95%
Grecja
95%
Szwajcaria
93%
Czechy
92%
Białoruś
91%
Estonia
91%
Finlandia
90%
Albania
87%
Irlandia
87%
Polska
87%
Szwecja
86%
Chorwacja
85%
Wielka Brytania
85%
Włochy
85%
Austria
84%
Bośnia i Hercegowina
84%
Malta
84%
Łotwa
83%
Ukraina
83%
Norwegia
82%
Dania
81%
Holandia
81%
Luksemburg
81%
Rosja
81%
Słowacja
81%
Litwa
80%
Macedonia Północna
79%
Islandia
77%
Monako
77%
Andora
74%
Bułgaria
74%
Rumunia
74%
Węgry
74%
Kosowo
73%
Walia
73%
Watykan
73%
Czarnogóra
72%
Słowenia
72%
Liechtenstein
70%
San Marino
70%
Anglia
66%
Serbia
65%
Mołdawia
63%
Szkocja
56%
Wyspy Owcze
36%
Gibraltar
23%
Wyspa Man
18%
Wyspy Alandzkie
10%
Jersey
9%
Naddniestrze
9%
Guernsey
5%

Rozkład punktacji

Percentyl według liczby udzielonych odpowiedzi

Procent ludzi z każdym wynikiem

Twoja historia wyników

Nie rozwiązałeś tego quizu